Investments and portfolio management (Record no. 3159)

MARC details
000 -LEADER
fixed length control field 02492nam a22003017a 4500
020 ## - INTERNATIONAL STANDARD BOOK NUMBER
ISBN 9780071289146
020 ## - INTERNATIONAL STANDARD BOOK NUMBER
ISBN 0071289143
020 ## - INTERNATIONAL STANDARD BOOK NUMBER
ISBN 9780077134501
020 ## - INTERNATIONAL STANDARD BOOK NUMBER
ISBN 0077134508
020 ## - INTERNATIONAL STANDARD BOOK NUMBER
ISBN 9780073530703
020 ## - INTERNATIONAL STANDARD BOOK NUMBER
ISBN 0073530700
020 ## - INTERNATIONAL STANDARD BOOK NUMBER
ISBN 0071317279
020 ## - INTERNATIONAL STANDARD BOOK NUMBER
ISBN 9780071317276
050 ## - CALL NUMBER
Classification number HG4529
Item number .B63
100 ## - AUTHOR
Personal name Zvi Bodie;
110 ## - AUTHOR
CORPORATE AUTHOR Alex Kane; Alan J Marcus
245 ## - TITLE
Title Investments and portfolio management
Statement of responsibility, etc Alex Kane; Alan J Marcus
250 ## - EDITION
Edition statement Global ed., 9th ed
260 ## - PUBLICATION INFORMATION
Place of publication New York :
Name of publisher McGraw-Hill/Irwin,
Year of publication 2011
300 ## - DESCRIPTION
Number of Pages 1020 p.
Other physical details 1 volume (various pagings) : illustrations ;
Dimensions 27 cm
440 ## - SERIES
SERIES The McGraw-Hill/Irwin series in finance, insurance and real estate.
500 ## - NOTES
General note Includes Index
505 ## - FORMATTED CONTENTS NOTE
Table of Content Part I: Introduction <br/>Chapter 1: The Investment Environment <br/>Chapter 2: Asset Classes and Financial Instruments <br/>Chapter 3: How Securities are Traded <br/>Chapter 4: Mutual Funds and Other Investment Companies <br/><br/>Part II: Portfolio Theory and Practice <br/>Chapter 5: Introduction to Risk, Return, and the Historical Record <br/>Chapter 6: Risk Aversion and Capital Allocation to Risky Assets Chapter 7: Optimal Risky Portfolios <br/>Chapter 8: Index Models <br/><br/>Part III: Equilibrium in Capital Markets <br/>Chapter 9: The Capital Asset Pricing Model <br/>Chapter 10: Arbitrage Pricing Theory and Multifactor Models of Risk and Return <br/>Chapter 11: The Efficient Market Hypothesis <br/>Chapter 12: Behavioral Finance and Technical Analysis <br/>Chapter 13: Empirical Evidence on Security Returns <br/><br/>Part IV: Fixed-Income Securities <br/>Chapter 14: Bond Prices and Yields <br/>Chapter 15: The Term Structure of Interest Rates <br/>Chapter 16: Managing Bond Portfolios <br/><br/>Part V: Options, Futures and Other Derivatives <br/>Chapter 17: Options Markets: Introduction <br/>Chapter 18: Option Valuation <br/>Chapter 19: Futures Markets <br/>Chapter 20: Futures, Swaps and Risk Management <br/><br/>Part VI: Security Analysis <br/>Chapter 21: Macroeconomic and Industry Analysis <br/>Chapter 22: Equity Valuation Models <br/>Chapter 23: Financial Statement Analysis <br/><br/>Part VII: Applied Portfolio Management <br/>Chapter 24: Portfolio Performance Evaluation <br/>Chapter 25: International Diversification <br/>Chapter 26: Hedge Funds <br/>Chapter 27: The Theory of Active Portfolio Management <br/>Chapter 28: Investment Policy and the Framework of the CFA Institute <br/>
650 ## - SUBJECTS
Topical Term Investments.
General subdivision Portfolio management.
700 ## - OTHER AUTHORS
Personal name Zvi Bodie;
710 ## - OTHER AUTHORS
OTHER AUTHORS Alex Kane; Alan J Marcus
942 ## - ADDED ENTRY ELEMENTS (KOHA)
Koha item type Books
Holdings
Withdrawn status Lost status Home library Current library Shelving location Date acquired Full call number Accession Number Koha item type Collection code
    Methodist University Library Main Methodist University Library Main Reference 03/06/2014 HG4529 .B63 37872 Books Reference
    Methodist University Library Main Methodist University Library Main Reference 03/10/2013 HG4529 .B63 38868 Books  
    Methodist University Library Main Methodist University Library Main Reference 03/10/2013 HG4529 .B63 38869 Books  
    Methodist University Library Main Methodist University Library Main Reference 03/10/2013 HG4529 .B63 38865 Books Reference
    Methodist University Library Main Methodist University Library Main Reference 03/10/2013 HG4529 .B63 38866 Books  
    Methodist University Library Tema Methodist University Library Tema Reference 03/06/2014 HG4529 .B63 39723 Books  
Copyright © 2026  MUG Library